5HLuxD.jpg

KING HENRY VIII SENIOR AND PRIMARY SCHOOL LIBRARY OPAC

How to dork your diary / (Record no. 2046)

000 -LEADER
fixed length control field 00989cam a2200277 a 4500
001 - CONTROL NUMBER
control field 16925178
003 - CONTROL NUMBER IDENTIFIER
control field OSt
005 - DATE AND TIME OF LATEST TRANSACTION
control field 20230302160615.0
008 - FIXED-LENGTH DATA ELEMENTS--GENERAL INFORMATION
fixed length control field 110818s2011 nyua 000 0 eng
010 ## - LIBRARY OF CONGRESS CONTROL NUMBER
LC control number 2011936869
020 ## - INTERNATIONAL STANDARD BOOK NUMBER
International Standard Book Number 9781442422339 (paper over board)
040 ## - CATALOGING SOURCE
Original cataloging agency DLC
Transcribing agency DLC
Modifying agency KH8
042 ## - AUTHENTICATION CODE
Authentication code pcc
082 ## - DEWEY DECIMAL CLASSIFICATION NUMBER
Classification number FIC RUS
100 1# - MAIN ENTRY--PERSONAL NAME
Personal name Russell, Rachel Renée.
Relator term author
245 10 - TITLE STATEMENT
Title How to dork your diary /
Statement of responsibility, etc. Rachel Renee Russell.
260 ## - PUBLICATION, DISTRIBUTION, ETC.
Place of publication, distribution, etc. New York :
Name of publisher, distributor, etc. Aladdin, Simon and Schuster Childrens Pub.,
Date of publication, distribution, etc. 2011.
300 ## - PHYSICAL DESCRIPTION
Extent 184 p. :
Other physical details ill. ;
Dimensions 21 cm.
490 0# - SERIES STATEMENT
Series statement Dork diaries ;
Volume/sequential designation [3 1/2]
521 1# - TARGET AUDIENCE NOTE
Target audience note Ages 9-13.
650 #0 - SUBJECT ADDED ENTRY--TOPICAL TERM
Topical term or geographic name entry element Diaries
Form subdivision Juvenile literature.
650 #0 - SUBJECT ADDED ENTRY--TOPICAL TERM
Topical term or geographic name entry element Instruction
Form subdivision Handbooks, manuals, etc.
-- Juvenile literature.
906 ## - LOCAL DATA ELEMENT F, LDF (RLIN)
a 7
b cbc
c orignew
d 2
e epcn
f 20
g y-gencatlg
942 ## - ADDED ENTRY ELEMENTS (KOHA)
Source of classification or shelving scheme
Koha item type Books - Fiction
Holdings
Withdrawn status Lost status Source of classification or shelving scheme Damaged status Not for loan Collection code Permanent Location Current Location Shelving location Date acquired Total Checkouts Total Renewals Full call number Barcode Date last seen Date last checked out Price effective from Koha item type
          Fiction KH8 Primary School Library KH8 Primary School Library Fiction 2023-03-02 6 1 FIC RUS KHPL000003769 2025-12-05 2025-11-10 2023-03-02 Books - Fiction

Powered By KH8 IT Dept